00738nam a22002297a 45000010005000000030009000050050017000140080041000310200018000720400023000901000024001132450189001372600031003263000028003575260008003856500014003936500016004077000022004237000019004457000023004647000021004873080BD-DhBUF20260518162158.0260518b bg ||||| |||| 00| 0 ben d a9789361596124 aBD-DhBUFcBD-DhBUF a Bamford, Charles E aStrategic management and business policy :bglobalization, innovation and sustainability /c Charles E Bamford, Alan N. Hoffman, Purva Kansal, Thomas L. Wheelen, J. David Hunger, aIndia :bPearson,cC 2025. axxxii, 570p. :c25cm .; aBBA 2 Business a Management aHoffman, Alan N.  a Kansal, Purva aWheelen, Thomas L. aHunger, J. David